Electric machinery and transformers / (Record no. 425)

000 -LEADER
fixed length control field 00566nam a2200205 a 4500
001 - CONTROL NUMBER
control field 425
003 - CONTROL NUMBER IDENTIFIER
control field BD-DhUET
008 - FIXED-LENGTH DATA ELEMENTS--GENERAL INFORMATION
fixed length control field 900706s1991 njua b 001 0 eng
020 ## - INTERNATIONAL STANDARD BOOK NUMBER
International Standard Book Number 9788131711279
040 ## - CATALOGING SOURCE
Original cataloging agency DLC
Transcribing agency DLC
Modifying agency BD-DhUET
082 00 - DEWEY DECIMAL CLASSIFICATION NUMBER
Classification number 623.1042
Item number KOS/1991
100 1# - MAIN ENTRY--PERSONAL NAME
Personal name Kosow, Irving L.
245 10 - TITLE STATEMENT
Title Electric machinery and transformers /
Statement of responsibility, etc. by Irving L. Kosow.
250 ## - EDITION STATEMENT
Edition statement 2nd ed.
260 ## - PUBLICATION, DISTRIBUTION, ETC. (IMPRINT)
Place of publication, distribution, etc. New Delhi
Name of publisher, distributor, etc. Pearson Education
Date of publication, distribution, etc. 1991.
300 ## - PHYSICAL DESCRIPTION
Extent xiv, 626 p. :
Other physical details ill. ;
Dimensions 25 cm.
504 ## - BIBLIOGRAPHY, ETC. NOTE
Bibliography, etc Includes bibliographies
650 #0 - SUBJECT ADDED ENTRY--TOPICAL TERM
Topical term or geographic name as entry element Electric machinery.
942 ## - ADDED ENTRY ELEMENTS (KOHA)
Koha item type General Book
Holdings
Koha item type Sublocation or collection (holding branch) Koha full call number Koha issues (times borrowed) Shelving location Koha date last borrowed Damaged status Not for loan Date acquired Location (home branch) Source of classification or shelving scheme Koha renewals Koha normalized classification for sorting Withdrawn status Price effective from Copy number Piece designation (barcode) Koha date last seen Lost status
General BookCentral Library, BUET623.1042/KOS/199111Circulation section2021-08-31  2014-07-21Central Library, BUET 3623_000000000000000_1042KOS199 2014-07-2111117882021-08-31 
General BookCentral Library, BUET623.1042/KOS/19913Circulation section2025-04-29  2014-07-21Central Library, BUET 7623_000000000000000_1042KOS199 2014-07-2121117892025-05-04